<?xml version="1.0" encoding="UTF-8"?>
<record
    xmlns:xsi="http://www.w3.org/2001/XMLSchema-instance"
    xsi:schemaLocation="http://www.loc.gov/MARC21/slim http://www.loc.gov/standards/marcxml/schema/MARC21slim.xsd"
    xmlns="http://www.loc.gov/MARC21/slim">

  <leader>01387nam a2200217 a 4500</leader>
  <controlfield tag="001">17138</controlfield>
  <controlfield tag="003">CO-ViMGA</controlfield>
  <controlfield tag="008">141112s2004    ck      r     000 u spa d</controlfield>
  <datafield tag="020" ind1=" " ind2=" ">
    <subfield code="a">9586550788</subfield>
  </datafield>
  <datafield tag="040" ind1=" " ind2=" ">
    <subfield code="a">CO-ViMGA</subfield>
    <subfield code="b">spa</subfield>
    <subfield code="c">CO-ViMGA</subfield>
  </datafield>
  <datafield tag="082" ind1="0" ind2="4">
    <subfield code="a">616.96 L653c</subfield>
  </datafield>
  <datafield tag="100" ind1="1" ind2=" ">
    <subfield code="a">Londo&#xF1;o Morales, Ivan</subfield>
    <subfield code="9">24338</subfield>
  </datafield>
  <datafield tag="245" ind1="1" ind2="0">
    <subfield code="a">Cl&#xED;nica y complicaciones de las parasitosis</subfield>
  </datafield>
  <datafield tag="260" ind1=" " ind2=" ">
    <subfield code="a">Medell&#xED;n (Antioquia), </subfield>
    <subfield code="c">Universidad de Antioquia, </subfield>
    <subfield code="c">1993</subfield>
  </datafield>
  <datafield tag="300" ind1=" " ind2=" ">
    <subfield code="a">712.p.</subfield>
  </datafield>
  <datafield tag="505" ind1=" " ind2=" ">
    <subfield code="a">Diarreas Amibiasis intestinal Amibiasis hep&#xE1;tica Amibiasis pleuropulmonar Amibiasis peritoneal Amibiasis peric&#xE1;rdica Amibiasis cut&#xE1;nea Amibiasis urogenital Amibiasis cerebral Infecci&#xF3;n humana por amibas de vida libre Balantidiasis Giardiasis Cryptosporidiosis Sarcocystosis Neumocistosis o neumon&#xED;a de celulas plasm&#xE1;ticas Helmintolog&#xED;a Ascariasis Tricocefalosis Oxiuriasis o entorobiasis Uncinariasis o anquilostomiasis Estrongiloidiasis S&#xED;ndrome de migraci&#xF3;n larvaria Filariasis Teniasis Himenolepiasis Cisticercosis Hidatidosis Trem&#xE1;todos Fascioliasis Paragonimiasis Malaria o paludismo Leishmaniasis Tripanosomiasis Toxoplasmosis Enfermedades producidas y transmitidas por artr&#xF3;podos - Vectores Esquistosomiasis o bilharziasis</subfield>
  </datafield>
  <datafield tag="590" ind1=" " ind2=" ">
    <subfield code="a">Forma de adquisici&#xF3;n : Premio - Mincultura</subfield>
  </datafield>
  <datafield tag="650" ind1="1" ind2="4">
    <subfield code="a">GUSANOS - PARASITOS INTESTINALES</subfield>
    <subfield code="9">24339</subfield>
  </datafield>
  <datafield tag="650" ind1="1" ind2="4">
    <subfield code="a">PARASITOLOGIA MEDICA</subfield>
    <subfield code="9">5732</subfield>
  </datafield>
  <datafield tag="942" ind1=" " ind2=" ">
    <subfield code="2">ddc</subfield>
    <subfield code="c">BK</subfield>
  </datafield>
  <datafield tag="999" ind1=" " ind2=" ">
    <subfield code="c">26740</subfield>
    <subfield code="d">26740</subfield>
  </datafield>
  <datafield tag="952" ind1=" " ind2=" ">
    <subfield code="0">0</subfield>
    <subfield code="1">0</subfield>
    <subfield code="2">ddc</subfield>
    <subfield code="4">0</subfield>
    <subfield code="7">0</subfield>
    <subfield code="8">002</subfield>
    <subfield code="a">MEVIECAR</subfield>
    <subfield code="b">MEVIECAR</subfield>
    <subfield code="d">2015-12-04</subfield>
    <subfield code="h">Volumen. 1 | 11/jun/2009</subfield>
    <subfield code="l">0</subfield>
    <subfield code="o">616.96 L653c </subfield>
    <subfield code="p">17138</subfield>
    <subfield code="r">2019-02-08 00:00:00</subfield>
    <subfield code="t">Ej. 1</subfield>
    <subfield code="w">2015-12-04</subfield>
    <subfield code="y">BK</subfield>
  </datafield>
</record>
